| 000 | 00802nam a2200241Ia 4500 | ||
|---|---|---|---|
| 003 | OSt | ||
| 005 | 20221005113258.0 | ||
| 006 | a|||||r|||| 00| 0 | ||
| 007 | ta | ||
| 008 | 221004b |||||||| |||| 00| 0 pan d | ||
| 020 |
_a8130202808 (hbk) _c150 |
||
| 024 | _a107381 | ||
| 037 |
_b517, 02/02/2011, H.K. Prakashan _cTextual |
||
| 040 |
_aCRL _cCRL _bpan |
||
| 041 |
_2pan _apan |
||
| 082 | _aQ8441v, 153Q0 | ||
| 100 | _aਸਰਬਜਿੰਦਰ ਸਿੰਘ | ||
| 245 | 0 | _aਸਿੱਖ ਧਰਮ | |
| 260 |
_aਪਟਿਆਲਾ _bਪੰਜਾਬੀ ਯੂਨੀਵਰਸਿਟੀ ਭਾਰਤ _c2010 |
||
| 300 |
_a114ਪੰ _ccm. |
||
| 942 |
_hQ8441v, 153Q0 _cTEXL _2cc |
||
| 999 |
_c1027628 _d1027628 |
||